Vaikeutuvia kysymyksiä #1 - Kuinka pitkälle pääset? - Statistics

Yleistilastot
  • Tätä visaa on pelattu 159 kertaa
  • Keskiarvotulos 8 / 15
Vastaustilastot
Kysymys Vastaus % Oikein
Minkä väristä maalia saa sekoittamalla punaista ja sinistä maalia? Violettia
100%
Mihin kerättiin kaksi kutakin eläintä Raamatun kertomuksen mukaan? Nooan arkkiin
92%
Mitkä ovat kaksi maata joissa asuu selkeästi eniten ihmisiä? Kiina ja Intia
87%
Millä sosiaalisen median alustalla on eniten käyttäjiä? Facebookilla
86%
Mikä oli Suomen suosituin koirarotu vuonna 2023? Labradorinnoutaja
71%
Mikä yritys myy eniten televisioita maailmassa? Samsung
69%
Miksi kutsutaan Suomessa vuodesta 1944 asti jaettua elokuva-alan palkintoa? Jussi-palkinnoksi
63%
Kuka nelinkertainen vuoden urheilija on syntynyt Oulussa 1992? Iivo Niskanen
55%
Minkä lajin mm-kisat järjestetään Sonkajärvellä? Eukonkannon
51%
Minkä alkuaineen atomi on kevyin? Vedyn
50%
Mikä on Montenegron pääkaupunki? Podgorica
43%
Minkä automerkin malli on Regera? Koeniggsegg
23%
Kuka ohjasi elokuvan Tiskirotat? Kevin P. Smith
8%
Missä Suomen lukiossa on eniten opiskelijoita Lahden lukio Gaudiassa
8%
Mikä on pikkukaivajavyötiäisen tieteellinen nimi? Chlamyphorus truncatus
6%
Ehtoja vastaavia visoja ei löytynyt
Tulosjakauma
Jokaisen tuloksen saaneiden osuus
Persentiili vastausten määrän mukaan
Tuloshistoriasi
Et ole pelannut tätä visaa